| 000 | 00566nam a2200169 i 4500 | ||
|---|---|---|---|
| 001 | 64524 | ||
| 003 | ES-MaACL | ||
| 005 | 20230906165141.0 | ||
| 007 | t| | ||
| 008 | 031229s1950 sp ||||1| spa d | ||
| 100 | 1 |
_aFont Puig, Pedro. _951567 |
|
| 245 | 1 | 0 |
_aSan Antonio Mª Claret, Apóstol Social _b: (conferencia en la Caja de Ahorros de Sabadell, 1950) / _cpor Pedro Font Puig. |
| 260 |
_a[Barcelona : _bs.n., _c1950] ( _fGráf. Marina) |
||
| 300 |
_a16 p. ; _c22 cm. |
||
| 600 | 0 | 4 |
_aAntonio María Claret _cSanto. _921986 |
| 852 |
_aES-MaACL _j1934-F-7 _bR.32503 |
||
| 999 |
_c64524 _d64524 |
||